000 00445nam a2200169Ia 4500
008 240729s9999 xx 000 0 und d
022 _a2095-6231
245 0 _aBone Research
260 _aUnited Kingdom
260 _bNature Publishing Group
650 _a Biology (General) | Science
650 _a Physiology
650 _aScience
856 _uhttps://doaj.org/toc/3b425307162f4e4dbd8f7dadd539702c
942 _2ddc
942 _cDOAJEJ
999 _c71527
_d71527
945 _a1
_bMadushi Gamage
_c1
_dMadushi Gamage